2024 vs 2025 (NBA Edition) - Statistics

General Stats
  • This quiz has been taken 11 times
  • The average score is 28 of 30
Answer Stats
Conference 2024-25 Season Record 2025-26 Season Record Answer % Correct
East 61-21 56-26 Celtics
100%
East 40-42 46-36 Hawks
100%
West 50-32 53-29 Lakers
100%
East 41-41 45-37 Magic
100%
West 50-32 54-28 Nuggets
100%
West 21-61 26-56 Pelicans
100%
East 44-38 60-22 Pistons
100%
West 34-48 62-20 Spurs
100%
West 68-14 64-18 Thunder
100%
West 49-33 49-33 Timberwolves
100%
West 48-34 37-45 Warriors
100%
East 18-64 17-65 Wizards
100%
East 24-58 45-37 76ers
90%
East 48-34 32-50 Bucks
90%
West 50-32 42-40 Clippers
90%
West 48-34 25-57 Grizzlies
90%
East 37-45 43-39 Heat
90%
East 19-63 44-38 Hornets
90%
West 17-65 22-60 Jazz
90%
West 40-42 22-60 Kings
90%
East 51-31 53-29 Knicks
90%
West 39-43 26-56 Mavericks
90%
East 50-32 19-63 Pacers
90%
East 30-52 46-36 Raptors
90%
West 52-30 52-30 Rockets
90%
West 36-46 45-37 Suns
90%
East 64-18 52-30 Cavaliers
80%
East 26-56 20-62 Nets
80%
West 36-46 42-40 Trail Blazers
80%
East 39-43 31-51 Bulls
70%
No matching quizzes found
Score Distribution
Percent of People with Each Score
Percentile by Number Answered
Your Score History
You have not taken this quiz